Statistics for UK Football Teams By Initial

Click here to take the quiz!

General Stats

  • This quiz has been taken 125 times
  • The average score is 10 of 15

Answer Stats

HintAnswer% Correct
MUManchester United
100%
LLiverpool
89%
AVAston Villa
88%
NUNewcastle United
82%
THTottenham Hotspur
79%
LULeeds United
74%
CChelsea
73%
LCLeicester City
71%
SUSheffield United
68%
BAHABrighton And Hove Albion
66%
SWSheffield Wednesday
58%
QOTSQueen Of The South
52%
CCCardiff City
39%
GRGlasgow Rangers
30%
SCStoke City
28%

Score Distribution

Percentile by Number Answered

Percent of People with Each Score

Your Score History

You have not taken this quiz